所罗门王的智慧箴言 (Record no. 29937)

000 -LEADER
fixed length control field 00484nam a22001937a 4500
003 - CONTROL NUMBER IDENTIFIER
control field MPLRDC
005 - DATE AND TIME OF LATEST TRANSACTION
control field 20220104142328.0
008 - FIXED-LENGTH DATA ELEMENTS--GENERAL INFORMATION
fixed length control field 210129b ||||| |||| 00| 0 eng d
020 ## - INTERNATIONAL STANDARD BOOK NUMBER
International Standard Book Number 986-7470-13-3
082 ## - DEWEY DECIMAL CLASSIFICATION NUMBER
Classification number 241.37 LAN
100 ## - MAIN ENTRY--PERSONAL NAME
Personal name J. STEPHEN LANG
245 ## - TITLE STATEMENT
Title 所罗门王的智慧箴言
Statement of responsibility, etc. 晴天 译
250 ## - EDITION STATEMENT
Edition statement 初版
260 ## - PUBLICATION, DISTRIBUTION, ETC.
Place of publication, distribution, etc. 台湾
Name of publisher, distributor, etc. 启示出版
Date of publication, distribution, etc. 2005
300 ## - PHYSICAL DESCRIPTION
Other physical details 319
490 ## - SERIES STATEMENT
Series statement TALENT:006
650 ## - SUBJECT ADDED ENTRY--TOPICAL TERM
Topical term or geographic name entry element 圣经--箴言注释
942 ## - ADDED ENTRY ELEMENTS (KOHA)
Koha item type Book
-- 241.37 LAN
Holdings
Withdrawn status Lost status Source of classification or shelving scheme Damaged status Not for loan Collection code Home library Current library Shelving location Date acquired Cost, normal purchase price Total Checkouts Total Renewals Full call number Barcode Date last seen Date last checked out Price effective from Koha item type Public note
            Malaysian Public Library, Research and Development Centre Malaysian Public Library, Research and Development Centre   10/12/2007 34.30   1 241.37 LAN 00030010 18/03/2021 20/08/2017 18/03/2021 Book mplrdc

© 2022. Malaysian Public Library, Research and Development Centre. All Right ReservedE-mailmplrdc@help.edu.my 

Powered by Koha